Statistics for 15 Arabic Words You Didn’t Realize You Knew

Click here to take the quiz!

General Stats

  • This quiz has been taken 225 times
  • The average score is 12 of 15

Answer Stats

Arabic (romanized)HintEnglish% Correct
laimūnfruitlemon
95%
qīṯāramusical instrumentguitar
93%
sukkarfoodsugar
91%
al-kīmiyāʾfield of studyalchemy / chemistry
88%
ṣudāʿbeverage / chemical compoundsoda
88%
al-kuḥlbeverage / chemical compoundalcohol
85%
ʾasāsiyyīnpersonassassin
83%
al-jabrfield of studyalgebra
80%
tunnfoodtuna
79%
quṭunfibercotton
78%
qandīfoodcandy
77%
jarrathingjar
75%
ṣuffathingsofa
69%
makhāzinthingmagazine
64%
maṭraḥthingmattress
45%

Score Distribution

Percentile by Number Answered

Percent of People with Each Score

Your Score History

You have not taken this quiz